000 00734cam a2200229 a 4500
001 000009882
005 20200929161739.0
008 960523s1995 mx 000 f spa d
020 _a9681902459
040 _aDO-SdBNP
_bspa
_cLC
_dBNPHU
082 _aA863.42
_bC827d
100 1 _aCortázar, Julio.
_922782
245 1 0 _aDiario de Andrés Fava /
_cJulio Cortázar.
260 _aMéxico, D. F. :
_bAlfaguara,
_c1995.
300 _a126 p. ;
_c22 cm.
490 1 _aBiblioteca Julio Cortázar
_v22
_aAlfaguara Literaturas
650 4 _aNovela mexicana
_93959
650 4 _aLiteratura mexicana
_91922
830 0 _aBiblioteca Julio Cortázar
_v22
_pAlfaguara Literaturas
_924815
910 _aCatalogación por copia / LC
049 _aBNGR
999 _c9641
_d9641